| 000 | 00418nam a2200157Ia 4500 | ||
|---|---|---|---|
| 008 | 230312s9999||||xx |||||||||||||| ||und|| | ||
| 020 | _a987-6543-21 | ||
| 082 |
_a615.82 _bBOI-P |
||
| 100 | _aBoissonnault;William.G | ||
| 245 | 0 | _aPrimary Care for Physical Therapist | |
| 260 |
_bElsevier _aUSA _c2005 |
||
| 300 | _a381 | ||
| 546 | _aEng. | ||
| 650 |
_aPhysiotherapy _vPrimary Care for Physical Therapist |
||
| 942 | _cBK | ||
| 999 |
_c7981 _d7981 |
||